| 000 | 00847cab a2200229 4500 | ||
|---|---|---|---|
| 001 | X3077 | ||
| 008 | 090401t1995 xxu||||| |||| 00| 0 eng d | ||
| 035 | _a(Sirsi) u28349 | ||
| 041 | _aeng | ||
| 245 | _aBLF warns of danger of `tight houses` | ||
| 260 | _c1995 | ||
| 350 | _a0 | ||
| 490 |
_aCSM (Chartered Surveyor Monthly) _v5(3) November/December 1995, 7(1) |
||
| 520 | _aIn a meeting between the British Lung Foundation and the RICS concern was expressed over `tight houses` where air cannot circulate, leading to a higher prevalance of the house dust mite and thus an increase in asthma. Table of asthma incidents in children 1976 and 1987. | ||
| 650 | _aASTHMA | ||
| 650 | _aHOUSE DUST MITE | ||
| 650 | _aTIGHT HOUSES | ||
| 690 | _aBUILT ENVIRONMENT-BUILDING STANDARDS | ||
| 690 | _aHOUSING | ||
| 942 | _n0 | ||
| 948 | _c04/03/1997 | ||
| 999 |
_c19103 _d19103 |
||